00392nam a2200121Ia 4500003000400000005001700004008004100021040001800062041000800080100004400088245010300132260003500235OSt20260119153620.0211028s2013 xx 000 0 und d cAIMIT LIBRARY aeng aShetty, Ujwal; Pereira, Divya.g1116169 aStudy on consumer preference with leading national brands and large store at lifestyle Mangalore / aMangalorebDivya Pereirac2013